| 000 | 00643cam a22002171 4500 | ||
|---|---|---|---|
| 001 | ne 63000885 | ||
| 003 | DLC | ||
| 005 | 20260227111744.0 | ||
| 008 | 861103q19601969ua a 000 1 ararc | ||
| 010 | _ane 63000885 | ||
| 025 | _aPL480:UAR-2147 | ||
| 035 | _a(OCoLC)14627974 | ||
| 040 |
_aPrinceton Univ. Libr. _cWaU _dDLC |
||
| 042 | _apremarc | ||
| 050 | 0 | 0 |
_aPJ7816.A314 _bH3 |
| 100 | 1 | _aBadawī, Maḥmūd. | |
| 245 | 1 | 0 |
_aḤāris al-bustān, _cbi-qalam Maḥmūd al-Badawī. |
| 260 |
_a[al-Qāhirah, _bal-Dār al-Qawmīyah lil-Ṭibāʻah wa-al-Nashr, _c196-]. |
||
| 300 |
_a160 p. _billus. _c24 cm. |
||
| 490 | 0 | _aal-Kitāb al-māsī | |
| 999 |
_c45833 _d45833 |
||